Les Préfectures Françaises - Statistiques

Statistiques générales
  • Ce quiz a été pris 815 fois
  • Le résultat moyen est 71 sur 101
Statistiques - réponses
Département Préfecture % Correct
13 - Bouches-du-Rhône Marseille
95%
75 - Paris Paris
94%
06 - Alpes-Maritimes Nice
93%
33 - Gironde Bordeaux
92%
69 - Rhône Lyon
91%
85 - Vendée La Roche-sur-Yon
89%
59 - Nord Lille
89%
44 - Loire Atlantique Nantes
89%
35 - Ille-et-Vilaine Rennes
89%
67 - Bas-Rhin Strasbourg
89%
2A - Corse-du-Sud Ajaccio
88%
2B - Haute-Corse Bastia
88%
21 - Côte-d'Or Dijon
88%
34 - Hérault Montpellier
88%
31 - Haute-Garonne Toulouse
88%
01 - Ain Bourg-en-Bresse
84%
14 - Calvados Caen
83%
38 - Isère Grenoble
83%
17 - Charente-Maritime La Rochelle
83%
63 - Puy-de-Dôme Clermont-Ferrand
82%
42 - Loire Saint-Étienne
82%
30 - Gard Nîmes
81%
66 - Pyrénées-Orientales Perpignan
81%
29 - Finistère Quimper
81%
974 - La Réunion Saint-Denis
81%
74 - Haute-Savoie Annecy
80%
90 - Territoire de Belfort Belfort
80%
05 - Hautes-Alpes Gap
80%
45 - Loiret Orléans
80%
76 - Seine-Maritime Rouen
80%
83 - Var Toulon
80%
72 - Sarthe Le Mans
78%
37 - Indre-et-Loire Tours
78%
49 - Maine-et-Loire Angers
77%
64 - Pyrénées-Atlantiques Pau
77%
57 - Moselle Metz
76%
54 - Meurthe-et-Moselle Nancy
76%
78 - Yvelines Versailles
76%
80 - Somme Amiens
74%
73 - Savoie Chambéry
74%
86 - Vienne Poitiers
74%
26 - Drôme Valence
73%
84 - Vaucluse Avignon
72%
25 - Doubs Besançon
72%
11 - Aude Carcassonne
71%
68 - Haut-Rhin Colmar
71%
08 - Ardennes Charleville-Mézières
70%
22 - Côtes d'Armor Saint-Brieuc
70%
10 - Aube Troyes
70%
53 - Mayenne Laval
69%
87 - Haute-Vienne Limoges
69%
56 - Morbihan Vannes
69%
62 - Pas-de-Calais Arras
67%
18 - Cher Bourges
67%
972 - Martinique Fort-de-France
67%
58 - Nièvre Nevers
67%
12 - Aveyron Rodez
67%
89 - Yonne Auxerre
66%
09 - Ariège Foix
66%
79 - Deux-Sèvres Niort
66%
19 - Corrèze Tulle
66%
15 - Cantal Aurillac
65%
60 - Oise Beauvais
65%
973 - Guyane Cayenne
64%
40 - Landes Mont-de-Marsan
64%
03 - Allier Moulins
64%
16 - Charente Angoulême
63%
02 - Aisne Laon
63%
92 - Hauts-de-Seine Nanterre
63%
07 - Ardèche Privas
63%
04 - Alpes-de-Haute-Provence Digne-les-Bains
62%
23 - Creuse Guéret
62%
81 - Tarn Albi
61%
28 - Eure-et-Loir Chartres
61%
36 - Indre Châteauroux
61%
27- Eure Évreux
61%
91 - Essonne Évry-Courcouronnes
61%
975 - Mayotte Mamoudzou
61%
41 - Loir-et-Cher Blois
60%
88 - Vosges Épinal
60%
50 - Manche Saint-Lô
60%
61 - Orne Alençon
59%
39 - Jura Lons-le-Saunier
58%
65 - Hautes-Pyrénées Tarbes
58%
93 - Seine-Saint-Denis Bobigny
57%
43 - Haute-Loire Le Puy-en-Velay
57%
51 - Marne Châlons-en-Champagne
56%
47 - Lot-et-Garonne Agen
55%
94 - Val-de-Marne Créteil
55%
77 - Seine-et-Marne Melun
53%
48 - Lozère Mende
53%
32 - Gers Auch
52%
971 - Guadeloupe Basse-Terre
52%
71 - Saône-et-Loire Mâcon
52%
95 - Val-d'Oise Cergy
51%
82 - Tarn-et-Garonne Montauban
51%
46 - Lot Cahors
48%
55 - Meuse Bar-le-Duc
47%
70 - Haute-Saône Vesoul
45%
52 - Haute-Marne Chaumont
40%
24 - Dordogne Périgeux
34%
Aucun quiz correspondant
Distribution des résultats
% des personnes avec chaque résultat
Percentile par nombre de réponses
Votre historique - résultats
Vous n’avez pas pris ce quiz